Právna úprava ekonomickej dimenzie medzinárodného civilného letectva vo svete a na Slovensku

Právna úprava medzinárodnej civilnej leteckej dopravy založená na 65 rokov starom Chicagskom systéme reprezentovanom Dohovorom o medzinárodnom civilnom letectve. Poskytovanie pravidelných leteckých služieb v článku 6 Dohovoru ponechané na vzájomnú dohodu štátov. Bilaterálne letecké dohody medzi št...

Descrizione completa

Salvato in:
Dettagli Bibliografici
Autore principale: Grančay, Martin, 1984-2024
Natura: Capitolo di libro
Lingua:slovacco
Soggetti:
Tags: Aggiungi Tag
Nessun Tag, puoi essere il primo ad aggiungerne!!

MARC

LEADER 00000nla$a2200000$$$4500
001 0117250
005 20240502072317.9
041 0 |a slo 
044 |a SK 
245 1 0 |a Právna úprava ekonomickej dimenzie medzinárodného civilného letectva vo svete a na Slovensku  |c Martin Grančay 
520 |a Právna úprava medzinárodnej civilnej leteckej dopravy založená na 65 rokov starom Chicagskom systéme reprezentovanom Dohovorom o medzinárodnom civilnom letectve. Poskytovanie pravidelných leteckých služieb v článku 6 Dohovoru ponechané na vzájomnú dohodu štátov. Bilaterálne letecké dohody medzi štátmi ako základné dokumenty upravujúce ekonomickú dimenziu leteckých vzťahov. Vybrané dohovory upravujúce medzinárodné civilné letecké vzťahy. Protekcionistické a liberálne bilaterálne dohody. Slobody vzduchu. Právna úprava na Slovensku. 
610 2 0 |a doprava letecká medzinárodná 
610 2 0 |a dohody medzinárodné 
610 2 0 |a legislatíva 
610 2 0 |a úpravy právne 
610 2 0 |a právo medzinárodné 
610 2 0 |a Slovensko 
100 1 |a Grančay, Martin, 1984-2024